| 000 | 00600nam a22002057a 4500 | ||
|---|---|---|---|
| 003 | OSt | ||
| 005 | 20150522135608.0 | ||
| 008 | 150522b xxu||||| |||| 00| 0 eng d | ||
| 020 | _a0727908537 | ||
| 040 | _cDNLM | ||
| 082 | _aWG 169 M61e 1995 | ||
| 100 |
_aMillner Russel _94828 |
||
| 245 |
_aExplaining Cardiac Surgery Patient Assessment and care / _cRussel Millner, Tom Treasure |
||
| 260 |
_aLondon: _bBMJ Publishing Group; _c1995. |
||
| 300 |
_avii, 184 p : _bill; _c27 cm. |
||
| 504 | _aIncludes index. | ||
| 650 |
_aCardiac surgery _93718 |
||
| 700 |
_aTreasure Tom _94829 |
||
| 942 |
_2z _cSLOAN |
||
| 999 |
_c1835 _d1835 |
||